Quali sono i nomi più usati per i bambini nati nel 2013 in Italia? - Statistics

Statistiche generali
  • Questo quiz è stato fatto 2.708 volte
  • Il punteggio medio è 12 su 20
Statistiche sulle risposte
Bambini Nome % Corretto
10553 Francesco
86%
3310 Marco
83%
3191 Luca
82%
5945 Matteo
81%
7235 Alessandro
79%
6777 Andrea
75%
3155 Giovanni
73%
6289 Mattia
68%
6747 Lorenzo
60%
4075 Davide
58%
3350 Federico
57%
3683 Giuseppe
55%
3387 Antonio
53%
5496 Leonardo
51%
2960 Pietro
51%
4721 Riccardo
48%
4188 Tommaso
47%
5799 Gabriele
46%
3197 Samuele
32%
2923 Diego
26%
Nessun quiz corrispondente trovato
Distribuzione punteggi
Percentuale di utenti per punteggio
Percentile per numero di risposta
I tuoi punteggi nel tempo
Non hai fatto questo quiz